Čo spôsobujú vo firme konfliktní zamestnanci?

Analýza konfliktu a konfliktného správania sa z hľadiska psychológie práce a psychológie riadenia. Charakteristika zamestnancov s konfliktným správaním. Fázy konfliktu.

Salvato in:
Dettagli Bibliografici
Autore principale: Szarková, Miroslava, 1951-
Natura: Capitolo di libro
Lingua:slovacco
Soggetti:
Tags: Aggiungi Tag
Nessun Tag, puoi essere il primo ad aggiungerne!!

MARC

LEADER 00000naa a2200000 4500
001 r037904
005 20240502071333.9
041 0 |a slo 
044 |a SK 
245 1 0 |a Čo spôsobujú vo firme konfliktní zamestnanci?  |c Miroslava Szarková 
520 |a Analýza konfliktu a konfliktného správania sa z hľadiska psychológie práce a psychológie riadenia. Charakteristika zamestnancov s konfliktným správaním. Fázy konfliktu. 
610 2 0 |a konflikty 
610 2 0 |a správanie sociálne 
610 2 0 |a zamestnanci 
610 2 0 |a psychológia práce 
610 2 0 |a psychológia riadenia 
610 2 0 |a vzťahy medziľudské 
100 1 |a Szarková, Miroslava, 1951-